000 00757nam a2200241Ia 4500
003 OSt
005 20220923224111.0
006 a|||||r|||| 00| 0
007 ta
008 220922b |||||||| |||| 00| 0 hin d
024 _a225,637
037 _cTextual
040 _aARTS
_cARTS
_bhin
041 _2hin
_ahin
082 _aO152:g(Y), N2
100 _aशर्मा, रामविलास
245 0 _aहिन्दी जाति का साहित्य
246 _aHindī jāti kā sāhitya
260 _aदिल्ली
_b राजपाल एंड संस
_c1992
300 _a174पृ.
_ccm.
942 _hO152:g(Y), N2
_cTEXL
_2CC
999 _c369229
_d369229